[Event "Aberto Brasil - II Niterói Chess Open "]
[Site "Salão de Convenções do Hot"]
[Date "2022.09.05"]
[Round "7.7"]
[White "Matsuura, Everaldo"]
[Black "Silva, Kaua Marques"]
[Result "1-0"]
[WhiteElo "2437"]
[BlackElo "2199"]
[PlyCount "109"]
[EventDate "2022.09.01"]
[EventRounds "9"]
[EventCountry "BRA"]

{[%evp 0,50,31,17,29,19,49,39,26,31,19,4,4,9,11,1,13,5,7,13,17,9,32,27,31,46,
24,41,45,35,43,36,36,40,38,37,38,36,44,22,21,15,4,0,0,0,13,13,39,41,57,57,57]} 
1. d4 {[%emt 0:08:58]} Nf6 {[%emt 0:11:01]} 2. Nf3 {[%emt 0:01:00]} b6 {
[%emt 0:00:58]} 3. e3 {[%emt 0:00:29]} Bb7 {[%emt 0:00:48]} 4. Bd3 {[%emt 0:00:
49]} e6 {[%emt 0:00:48]} 5. Nbd2 {[%emt 0:00:38]} d5 {[%emt 0:05:03]} 6. O-O {
[%emt 0:02:43]} Bd6 {[%emt 0:03:33]} 7. b3 {[%emt 0:01:41]} O-O {[%emt 0:03:49]
} 8. Bb2 {[%emt 0:00:14]} Ne4 {[%emt 0:07:07]} 9. c4 {[%emt 0:00:48]} Nd7 {
[%emt 0:02:00]} 10. Qc2 {[%emt 0:08:05]} f5 {[%emt 0:05:22]} 11. cxd5 {[%emt 0:
06:02]} exd5 {[%emt 0:00:30]} 12. Ne5 {[%emt 0:00:17]} c5 {[%emt 0:16:51]} 13.
Bb5 {[%emt 0:25:09]} Ndf6 {[%emt 0:08:18]} 14. f3 {[%emt 0:04:36]} Nxd2 {
[%emt 0:04:28]} 15. Qxd2 {[%emt 0:00:20]} Rc8 {[%emt 0:01:23]} 16. Bd3 {
[%emt 0:05:36]} g6 {[%emt 0:02:31]} 17. Rac1 {[%emt 0:00:50]} Qe7 {[%emt 0:01:
11]} 18. Qe2 {[%emt 0:02:51]} Rc7 {[%emt 0:02:15]} 19. Rc2 {[%emt 0:03:03]}
Rfc8 {[%emt 0:04:06]} 20. Rfc1 {[%emt 0:01:01]} Nd7 {[%emt 0:01:34]} 21. f4 {
[%emt 0:02:52]} Nf6 {[%emt 0:00:37]} 22. h3 {[%emt 0:04:33]} cxd4 {[%emt 0:01:
38]} 23. Bxd4 {[%emt 0:01:29]} Nd7 {[%emt 0:02:59]} 24. Rxc7 {[%emt 0:02:39]}
Rxc7 {[%emt 0:00:06]} 25. Rxc7 {[%emt 0:00:12]} Bxc7 {[%emt 0:00:02]} 26. Nxd7
{[%emt 0:02:33]} Qxd7 {[%emt 0:00:03]} 27. Ba1 {[%emt 0:06:33]} Qe7 {[%emt 0:
10:59]} 28. Kf2 {[%emt 0:03:44]} Kf7 {[%emt 0:02:06]} 29. Qb2 {[%emt 0:00:45]}
Bd6 {[%emt 0:01:33]} 30. Qh8 {[%emt 0:01:12]} Ke6 {[%emt 0:00:27]} 31. Bb5 {
[%emt 0:00:51]} a6 {[%emt 0:01:09]} 32. Be8 {[%emt 0:01:27]} Qf8 {[%emt 0:00:
47]} 33. Qxh7 {[%emt 0:00:13]} Qxe8 {[%emt 0:00:04]} 34. Qxb7 {[%emt 0:00:08]}
Qb5 {[%emt 0:01:02]} 35. Qg7 {[%emt 0:00:54]} Qd3 {[%emt 0:00:21]} 36. Qxg6+ {
[%emt 0:00:22]} Kd7 {[%emt 0:00:02]} 37. Qg7+ {[%emt 0:00:28]} Ke6 {[%emt 0:00:
25]} 38. Qc3 {[%emt 0:00:23]} Qb1 {[%emt 0:00:21]} 39. Qb2 {[%emt 0:00:41]} Qd3
{[%emt 0:00:47]} 40. Qe2 {[%emt 0:00:25]} Qe4 {[%emt 0:00:49]} 41. Bd4 {
[%emt 0:00:47]} b5 {[%emt 0:00:09]} 42. a4 {[%emt 0:00:56]} bxa4 {[%emt 0:00:
41]} 43. bxa4 {[%emt 0:00:08]} a5 {[%emt 0:00:41]} 44. Qd2 {[%emt 0:00:27]} Bb4
{[%emt 0:00:27]} 45. Qc1 {[%emt 0:00:09]} Kd7 {[%emt 0:00:17]} 46. Be5 {
[%emt 0:00:26]} Qd3 {[%emt 0:01:06]} 47. Qc7+ {[%emt 0:00:12]} Ke8 {[%emt 0:00:
07]} 48. Qc6+ {[%emt 0:00:13]} Ke7 {[%emt 0:00:51]} 49. Bf6+ {[%emt 0:02:30]}
Kf7 {[%emt 0:00:15]} 50. Bd4 {[%emt 0:00:14]} Qe4 {[%emt 0:00:47]} 51. Qf6+ {
[%emt 0:00:09]} Ke8 {[%emt 0:00:07]} 52. Qe5+ {[%emt 0:00:06]} Kf7 {[%emt 0:00:
41]} 53. Qxe4 {[%emt 0:00:20]} dxe4 {[%emt 0:00:05]} 54. g4 {[%emt 0:00:07]}
Kg6 {[%emt 0:00:05]} 55. Ke2 {[%emt 0:00:18]} 1-0

[Event "Aberto Brasil - II Niterói Chess Open "]
[Site "Salão de Convenções do Hot"]
[Date "2022.09.05"]
[Round "7.8"]
[White "Languidey, Simon Alejandro"]
[Black "Rangel, Daniel"]
[Result "1/2-1/2"]
[WhiteElo "2415"]
[BlackElo "2193"]
[PlyCount "98"]
[EventDate "2022.09.01"]
[EventRounds "9"]
[EventCountry "BRA"]

1. e4 c5 2. Nc3 g6 3. g3 Bg7 4. Bg2 Nc6 5. Nge2 d6 6. d3 Rb8 7. a4 e6 8. O-O a6
9. Be3 Nd4 10. a5 Ne7 11. Qd2 O-O 12. f4 Nec6 13. Bxd4 Nxd4 14. Nxd4 Bxd4+ 15.
Kh1 b5 16. axb6 Qxb6 17. Nd1 Bg7 18. Ra2 d5 19. exd5 exd5 20. Ne3 Qd6 21. f5
Bb7 22. Ng4 h5 23. Nf2 Bc8 24. Bh3 Qf6 25. g4 hxg4 26. Nxg4 Qh4 27. Qg2 Rb6 28.
Ne3 d4 29. Qg4 Qd8 30. Nc4 Bxf5 31. Qg3 Bxh3 32. Qxh3 Re6 33. Ra5 Qd5+ 34. Qg2
Qh5 35. Qf3 Qg5 36. b4 Rf6 37. Qg2 Qxg2+ 38. Kxg2 Rxf1 39. Kxf1 cxb4 40. Rxa6
Rb8 41. Ke2 Rb5 42. Ra8+ Bf8 43. Nd2 Rc5 44. Kd1 Rh5 45. Nf3 Kg7 46. h4 Be7 47.
Rb8 Rf5 48. Nxd4 Rf4 49. Nc6 Bxh4 1/2-1/2

[Event "Aberto Brasil - II Niterói Chess Open "]
[Site "Salão de Convenções do Hot"]
[Date "2022.09.05"]
[Round "7.9"]
[White "Aranha Filho, Alvaro Z."]
[Black "Molina, Roberto Junio Brito"]
[Result "1/2-1/2"]
[WhiteElo "2184"]
[BlackElo "2390"]
[PlyCount "32"]
[EventDate "2022.09.01"]
[EventRounds "9"]
[EventCountry "BRA"]

1. d4 d5 2. Nf3 Nf6 3. g3 c6 4. Bg2 Bf5 5. c4 e6 6. Nc3 Nbd7 7. Qb3 Qb6 8. c5
Qxb3 9. axb3 a6 10. b4 Rc8 11. h3 h6 12. g4 Bh7 13. Bf4 Ne4 14. Nd2 Nxd2 15.
Kxd2 g5 16. Bh2 Bg7 1/2-1/2

[Event "Aberto Brasil - II Niterói Chess Open "]
[Site "Salão de Convenções do Hot"]
[Date "2022.09.05"]
[Round "7.10"]
[White "Ribeiro, Matheus Mendes Domi"]
[Black "Loureiro, Luiz Vasconcellos"]
[Result "1-0"]
[WhiteElo "2142"]
[BlackElo "2334"]
[PlyCount "101"]
[EventDate "2022.09.01"]
[EventRounds "9"]
[EventCountry "BRA"]

1. c4 c6 2. Nf3 d5 3. e3 Nf6 4. Nc3 a6 5. d4 e6 6. b3 Nbd7 7. Be2 Bd6 8. O-O
Qe7 9. Bb2 O-O 10. Qc2 dxc4 11. Bxc4 c5 12. Ne4 Nxe4 13. Qxe4 Nb6 14. dxc5 Bxc5
15. Rac1 Nxc4 16. Rxc4 f5 17. Qc2 b6 18. Bd4 Bb7 19. Bxc5 bxc5 20. Ne5 Rac8 21.
Rc1 Rfd8 22. h3 Rd5 23. Nf3 Rcd8 24. Rxc5 Rxc5 25. Qxc5 Rd1+ 26. Kh2 Qxc5 27.
Rxc5 Bxf3 28. gxf3 Rd2 29. Ra5 Rxf2+ 30. Kg3 Re2 31. Kf4 Kf7 32. Rxa6 Kf6 33.
h4 h6 34. h5 Rh2 35. Kg3 Re2 36. a4 Rxe3 37. Rb6 Kg5 38. a5 f4+ 39. Kf2 Rc3 40.
Rb5+ Kh4 41. Rb4 Rc2+ 42. Ke1 Kg3 43. a6 Rc7 44. Ra4 Kxf3 45. a7 Ke3 46. Kd1
Rd7+ 47. Kc2 Rc7+ 48. Kb2 Rxa7 49. Rxa7 f3 50. b4 f2 51. Rf7 1-0

[Event "Aberto Brasil - II Niterói Chess Open "]
[Site "Salão de Convenções do Hot"]
[Date "2022.09.05"]
[Round "7.11"]
[White "Baules Rodriguez, Jorge Luis"]
[Black "Zacarias, Rodrigo Medeiros"]
[Result "1-0"]
[WhiteElo "2307"]
[BlackElo "2095"]
[PlyCount "61"]
[EventDate "2022.09.01"]
[EventRounds "9"]
[EventCountry "BRA"]

1. e4 c5 2. Nf3 Nc6 3. d4 cxd4 4. Nxd4 Nf6 5. Nc3 e5 6. Ndb5 d6 7. Bg5 a6 8.
Na3 b5 9. Nd5 Be7 10. Bxf6 Bxf6 11. c3 O-O 12. Nc2 Bg5 13. a4 bxa4 14. Rxa4 a5
15. Bc4 Rb8 16. Ra2 Kh8 17. Nce3 g6 18. h4 Bxh4 19. g3 Bg5 20. f4 exf4 21. gxf4
Bh4+ 22. Kf1 f5 23. b4 fxe4 24. b5 Ne5 25. Rah2 Nf3 26. Rxh4 h5 27. Rxh5+ gxh5
28. Rxh5+ Kg7 29. Qc2 Rg8 30. Ne7 d5 31. Qg2+ 1-0

[Event "Aberto Brasil - II Niterói Chess Open "]
[Site "Salão de Convenções do Hot"]
[Date "2022.09.05"]
[Round "7.12"]
[White "Nemeth Junior, Henrique"]
[Black "Pires, Marcos Vinicius Tor"]
[Result "1/2-1/2"]
[WhiteElo "2137"]
[BlackElo "2262"]
[PlyCount "71"]
[EventDate "2022.09.01"]
[EventRounds "9"]
[EventCountry "BRA"]

1. e4 e5 2. Nf3 Nc6 3. Bc4 Bc5 4. O-O Nf6 5. d3 O-O 6. c3 d5 7. exd5 Nxd5 8.
Re1 Bg4 9. Nbd2 Nb6 10. b4 Be7 11. h3 Bh5 12. Qb3 Nxc4 13. Qxc4 Bg6 14. Ne4 a6
15. Be3 Qd7 16. Nc5 Bxc5 17. Qxc5 Rfe8 18. d4 exd4 19. cxd4 Be4 20. Ne5 Nxe5
21. dxe5 Qf5 22. f3 Bc6 23. Bf2 Rad8 24. Rad1 Rxd1 25. Rxd1 h6 26. Bg3 Qg6 27.
Kh2 Qe6 28. Rd2 Re7 29. Rd8+ Re8 30. Rxe8+ Qxe8 31. Qd4 Qe6 32. Qd8+ Kh7 33.
Qd3+ Qg6 34. Qxg6+ Kxg6 35. e6 fxe6 36. Bxc7 1/2-1/2

[Event "Aberto Brasil - II Niterói Chess Open "]
[Site "Salão de Convenções do Hot"]
[Date "2022.09.05"]
[Round "7.13"]
[White "De Siqueira, Luigy Lira"]
[Black "Marra, Eduardo Da Costa"]
[Result "0-1"]
[WhiteElo "1969"]
[BlackElo "2256"]
[PlyCount "72"]
[EventDate "2022.09.01"]
[EventRounds "9"]
[EventCountry "BRA"]

1. e4 c5 2. Nf3 g6 3. d4 cxd4 4. Nxd4 Nc6 5. Nc3 Bg7 6. Be3 Nf6 7. Bc4 O-O 8.
Bb3 Re8 9. f3 d5 10. Nxd5 Nxd5 11. Bxd5 Nxd4 12. Bxd4 Bxd4 13. Qxd4 e6 14.
O-O-O exd5 15. exd5 Qb6 16. Qa4 Rd8 17. Qf4 Qd6 18. Qg5 Re8 19. Kb1 Bd7 20. h4
Re5 21. Qf4 Bf5 22. Qd4 Rc8 23. Ka1 Bxc2 24. Rd2 Bf5 25. g4 Bd7 26. a3 Rce8 27.
Rdd1 b6 28. h5 Re2 29. hxg6 fxg6 30. Rc1 R2e5 31. Rcd1 a5 32. Rhf1 Qc5 33. Qd2
Re2 34. Qf4 Rf8 35. Qh6 Qb5 36. b4 Qc4 0-1

[Event "Aberto Brasil - II Niterói Chess Open "]
[Site "Salão de Convenções do Hot"]
[Date "2022.09.05"]
[Round "7.14"]
[White "Mesias Rojas, Rabindranath"]
[Black "Do Nascimento, Christian Almeida"]
[Result "1/2-1/2"]
[WhiteElo "2227"]
[BlackElo "2089"]
[PlyCount "204"]
[EventDate "2022.09.01"]
[EventRounds "9"]
[EventCountry "BRA"]

1. e4 e6 2. d4 d5 3. Bd3 dxe4 4. Bxe4 Nf6 5. Bf3 c5 6. Ne2 Nc6 7. Be3 Nd5 8.
Bxd5 Qxd5 9. Nbc3 Qd7 10. dxc5 Be7 11. Qxd7+ Bxd7 12. O-O-O O-O-O 13. a3 Ne5
14. Bd4 Nc4 15. f3 e5 16. Bf2 Bg5+ 17. Kb1 Nd2+ 18. Ka2 Bf5 19. Nb5 Bxc2 20.
Nd6+ Kb8 21. Rde1 Bb3+ 22. Ka1 Be6 23. Nc1 f6 24. Bg3 Nb3+ 25. Nxb3 Bxb3 26.
Rhf1 Bd2 27. Re2 Ba5 28. f4 exf4 29. Bxf4 Bc7 30. Re7 g5 31. Bg3 Bd5 32. Rxf6
Bxg2 33. Rff7 Bxd6 34. Bxd6+ Ka8 35. b4 h5 36. b5 Rhe8 37. Rh7 Bf3 38. a4 g4
39. Kb2 Rxe7 40. Bxe7 Re8 41. Kc3 Kb8 42. a5 Kc8 43. Bd6 Re3+ 44. Kd4 Re4+ 45.
Kd3 Rb4 46. Rc7+ Kd8 47. b6 axb6 48. axb6 Bc6 49. Bg3 Ke8 50. Kc3 Rb1 51. Kd4
Rb2 52. Ke5 h4 53. Bxh4 Re2+ 54. Kf4 Rxh2 55. Kxg4 Rc2 56. Rc8+ Kd7 57. Rc7+
Ke6 58. Be7 Bd5 59. Bd6 Rg2+ 60. Kf4 Rf2+ 61. Ke3 Rf7 62. Rc8 Rh7 63. Kd4 Rh4+
64. Kc3 Rc4+ 65. Kd3 Rh4 66. Rc7 Rh3+ 67. Kc2 Rh1 68. Re7+ Kf6 69. Kc3 Rc1+ 70.
Kd2 Rh1 71. Re3 Bc6 72. Bg3 Rh5 73. Bd6 Rh1 74. Be7+ Kf5 75. Bd8 Rh2+ 76. Kc3
Rh1 77. Rd3 Rc1+ 78. Kd4 Rh1 79. Bc7 Rh4+ 80. Kc3 Rh1 81. Kb2 Rh6 82. Bd6 Rh1
83. Re3 Be4 84. Rg3 Bc6 85. Rg7 Ke4 86. Kc3 Rc1+ 87. Kd2 Rh1 88. Bg3 Ra1 89.
Rg5 Ra2+ 90. Kc3 Ra3+ 91. Kb4 Ra1 92. Rg6 Bd5 93. Bd6 Rb1+ 94. Kc3 Rb3+ 95. Kc2
Rh3 96. Rf6 Rf3 97. Rh6 Rf2+ 98. Kc3 Rf3+ 99. Kb4 Bc6 100. Bh2 Bd5 101. Rd6
Rb3+ 102. Ka4 Rh3 1/2-1/2

[Event "Aberto Brasil - II Niterói Chess Open "]
[Site "Salão de Convenções do Hot"]
[Date "2022.09.05"]
[Round "7.15"]
[White "Terao, Juliana Sayumi"]
[Black "Dianda, Joao Carlos"]
[Result "1/2-1/2"]
[WhiteElo "2240"]
[BlackElo "2000"]
[PlyCount "85"]
[EventDate "2022.09.01"]
[EventRounds "9"]
[EventCountry "BRA"]

1. e4 c5 2. c3 Nf6 3. e5 Nd5 4. Nf3 d6 5. d4 cxd4 6. cxd4 Nc6 7. Bc4 Nb6 8. Bb5
dxe5 9. Nxe5 Bd7 10. Nxd7 Qxd7 11. Nc3 e6 12. Be3 Be7 13. O-O O-O 14. Rc1 Rad8
15. Qf3 Nxd4 16. Bxd4 Qxd4 17. Qxb7 Nc8 18. a3 Qb6 19. Qxb6 Nxb6 20. b4 Bg5 21.
Rcd1 Rxd1 22. Rxd1 Rd8 23. Rb1 Rc8 24. Ne2 Nd5 25. Rb3 Bf6 26. Ba6 Rc6 27. Bd3
Nc3 28. Kf1 Nxe2 29. Kxe2 Rc3 30. Rxc3 Bxc3 31. Kd1 Bb2 32. a4 Bc3 33. b5 Kf8
34. Kc2 Ba5 35. Kb3 h6 36. Kc4 Ke7 37. Be4 Kd6 38. Bc6 f6 39. f3 Be1 40. Be4
Ba5 41. Bc6 Be1 42. Be4 Ba5 43. Bc6 1/2-1/2

[Event "Aberto Brasil - II Niterói Chess Open "]
[Site "Salão de Convenções do Hot"]
[Date "2022.09.05"]
[Round "7.16"]
[White "Rodriguez Vila, Andres"]
[Black "Campos, Alexandre Ferreira"]
[Result "1-0"]
[WhiteElo "2443"]
[BlackElo "2042"]
[PlyCount "58"]
[EventDate "2022.09.01"]
[EventRounds "9"]
[EventCountry "BRA"]

1. e4 c5 2. Nf3 Nc6 3. b4 Nxb4 4. c3 Nc6 5. d4 g6 6. d5 Nb8 7. h4 d6 8. h5 Bg7
9. Bf4 Bg4 10. h6 Bf6 11. Qa4+ Bd7 12. Qa3 e5 13. dxe6 Bxe6 14. Nbd2 Nc6 15.
Nc4 Bxc4 16. Bxc4 Qa5 17. Qxa5 Nxa5 18. Bb5+ Nc6 19. O-O-O Nge7 20. Bxd6 Bxc3
21. Bxc5 a6 22. Ba4 b5 23. Bb3 Rc8 24. Ng5 Ne5 25. Bd6 Bb4+ 26. Kb1 Bxd6 27.
Rxd6 N7c6 28. f4 Nc4 29. Bxc4 bxc4 {Planilha ilegÃƒÂ­vel} 1-0

[Event "Aberto Brasil - II Niterói Chess Open "]
[Site "Salão de Convenções do Hot"]
[Date "2022.09.05"]
[Round "7.17"]
[White "Filgueiras, Nathan Felipe"]
[Black "Da Matta, Eduardo Cesar"]
[Result "1-0"]
[WhiteElo "2358"]
[BlackElo "2038"]
[PlyCount "61"]
[EventDate "2022.09.01"]
[EventRounds "9"]
[EventCountry "BRA"]

1. e4 c5 2. Nf3 d6 3. d4 cxd4 4. Nxd4 Nf6 5. Nc3 Nc6 6. Bg5 e6 7. Qd2 a6 8.
O-O-O Bd7 9. f3 Nxd4 10. Qxd4 h5 11. Qd2 Be7 12. Bd3 b5 13. Ne2 a5 14. h3 b4
15. g4 Qc7 16. Kb1 a4 17. Be3 Bc6 18. Nd4 Nd7 19. g5 g6 20. f4 e5 21. Nxc6 Qxc6
22. Qe2 Rb8 23. f5 O-O 24. Bc4 Qxe4 25. Bd5 Qh4 26. fxg6 Kg7 27. gxf7 b3 28.
axb3 axb3 29. Bxb3 Qe4 30. Qd3 Qb4 31. Qf5 1-0

[Event "Aberto Brasil - II Niterói Chess Open "]
[Site "Salão de Convenções do Hot"]
[Date "2022.09.05"]
[Round "7.18"]
[White "Rodi, Luis Ernesto"]
[Black "Urquiza, Marcello De Albuque"]
[Result "1-0"]
[WhiteElo "2327"]
[BlackElo "2031"]
[PlyCount "81"]
[EventDate "2022.09.01"]
[EventRounds "9"]
[EventCountry "BRA"]

1. e4 c5 2. Nf3 e6 3. d4 cxd4 4. Nxd4 a6 5. c4 Nf6 6. Nc3 d6 7. Be2 b6 8. f4 g6
9. e5 dxe5 10. fxe5 Nfd7 11. Bf3 Ra7 12. Bf4 Bg7 13. Qe2 O-O 14. O-O-O Bb7 15.
Bxb7 Rxb7 16. Ne4 Qc7 17. Nd6 Ra7 18. Qe4 Qc5 19. Rhe1 Rc7 20. Kb1 Nc6 21. Nf3
Ne7 22. h4 b5 23. Bg5 Nc6 24. cxb5 axb5 25. Be3 Qb4 26. Qxb4 Nxb4 27. Nxb5 Rb7
28. Nd6 Rc7 29. Bd4 Nd5 30. Rc1 h6 31. Rxc7 Nxc7 32. Rc1 Nd5 33. a4 Ra8 34.
Rc8+ Rxc8 35. Nxc8 Bf8 36. a5 Nb8 37. Nd6 Na6 38. Kc2 Bxd6 39. exd6 Kf8 40. Ne5
Ke8 41. Nd3 1-0

[Event "Aberto Brasil - II Niterói Chess Open "]
[Site "Salão de Convenções do Hot"]
[Date "2022.09.05"]
[Round "7.19"]
[White "Gomes, Pedro Pessoa"]
[Black "Cominato Neto, Jose Luis"]
[Result "0-1"]
[WhiteElo "2004"]
[BlackElo "2270"]
[PlyCount "109"]
[EventDate "2022.09.01"]
[EventRounds "9"]
[EventCountry "BRA"]

1. c4 e5 2. Nc3 Nc6 3. g3 f5 4. Bg2 Nf6 5. e3 d5 6. cxd5 Nb4 7. d3 Nfxd5 8.
Nxd5 Nxd5 9. a3 Nf6 10. Qc2 Bd6 11. Nf3 O-O 12. b3 Qe7 13. O-O Bd7 14. Bb2 Bc6
15. Rfe1 Bd5 16. b4 Rae8 17. b5 Qd7 18. e4 fxe4 19. dxe4 Bf7 20. a4 Ng4 21. h3
Nh6 22. Bc1 Bh5 23. Bxh6 gxh6 24. Nh4 Bg6 25. Rad1 h5 26. Qe2 Qf7 27. Nf5 Bxf5
28. exf5 Qxf5 29. Rf1 h4 30. Qc4+ Kh8 31. Qxh4 Bc5 32. Rd2 b6 33. Be4 Qf7 34.
Kg2 Re7 35. f3 Qe6 36. Rfd1 Bd6 37. Rd5 Rg7 38. g4 Rf6 39. Qg3 Rf4 40. Kf2 Qf6
41. Ke2 Rf7 42. Rc1 Rf8 43. h4 Qf7 44. g5 Qh5 45. Rc4 Rxh4 46. g6 Rh2+ 47. Kd3
hxg6 48. Rc1 Rh3 49. Qg2 Kg7 50. Kc4 Rf4 51. Rd3 Rh1 52. Kd5 g5 53. Kc6 Rf6 54.
Qg4 Qxg4 55. fxg4 0-1

[Event "Aberto Brasil - II Niterói Chess Open "]
[Site "Salão de Convenções do Hot"]
[Date "2022.09.05"]
[Round "7.20"]
[White "De Souza, Regis Gabetta"]
[Black "Lima, Vinicius Taishun"]
[Result "1-0"]
[WhiteElo "2245"]
[BlackElo "2002"]
[PlyCount "79"]
[EventDate "2022.09.01"]
[EventRounds "9"]
[EventCountry "BRA"]

1. d4 Nf6 2. c4 c5 3. d5 b5 4. cxb5 a6 5. bxa6 g6 6. Nc3 Bxa6 7. e4 Bxf1 8.
Kxf1 d6 9. g3 Bg7 10. Kg2 O-O 11. Nge2 Nbd7 12. Qc2 Qa5 13. Bd2 Rfb8 14. b3 Ne8
15. a4 Qb6 16. Rab1 Nc7 17. Rhc1 Qa6 18. Be1 e6 19. Rd1 exd5 20. Nxd5 Nxd5 21.
exd5 Re8 22. Nc3 c4 23. Nb5 cxb3 24. Qxb3 Nc5 25. Qa3 Reb8 26. Qf3 Nxa4 27. Nc7
Rxb1 28. Rxb1 Qc8 29. Nxa8 Qxa8 30. Qb3 f5 31. Qb8+ Qxb8 32. Rxb8+ Bf8 33. Bb4
Kf7 34. Rb7+ Ke8 35. Kf1 Be7 36. Ke2 h6 37. Kd2 Nb2 38. Rc7 Kd8 39. Rc6 Kd7 40.
Kc2 1-0

[Event "Aberto Brasil - II Niterói Chess Open "]
[Site "Salão de Convenções do Hot"]
[Date "2022.09.05"]
[Round "7.21"]
[White "Okamura, Milton Kasuo"]
[Black "Costa, Carlos Evanir"]
[Result "0-1"]
[WhiteElo "1960"]
[BlackElo "2224"]
[PlyCount "82"]
[EventDate "2022.09.01"]
[EventRounds "9"]
[EventCountry "BRA"]

1. d4 d5 2. c4 e6 3. Nc3 Nf6 4. cxd5 Nxd5 5. e4 Nxc3 6. bxc3 c5 7. Nf3 cxd4 8.
cxd4 Bb4+ 9. Bd2 Qa5 10. Rb1 Bxd2+ 11. Qxd2 Qxd2+ 12. Kxd2 Ke7 13. Ke3 b6 14.
Rc1 Bd7 15. Ne5 Rc8 16. Be2 f6 17. Nxd7 Nxd7 18. Ba6 Rxc1 19. Rxc1 Kd8 20. f4
e5 21. fxe5 fxe5 22. dxe5 Nxe5 23. Kd4 Nd7 24. e5 Nc5 25. Bc4 Ke7 26. Rf1 Rd8+
27. Ke3 Ne6 28. Bb3 Rc8 29. Rf2 Rc1 30. Re2 Rc3+ 31. Ke4 a6 32. Rb2 Nc5+ 33.
Kd4 Rd3+ 34. Kc4 Re3 35. Bd1 Nd7 36. Kd4 Re1 37. Bg4 Nxe5 38. Bc8 Kd8 39. Bxa6
Kc7 40. Rc2+ Nc6+ 41. Kd5 Re5+ 0-1

[Event "Aberto Brasil - II Niterói Chess Open "]
[Site "Salão de Convenções do Hot"]
[Date "2022.09.05"]
[Round "7.22"]
[White "Cantarino Neto, Mario Ribeiro"]
[Black "Gauche, Charles"]
[Result "0-1"]
[WhiteElo "1973"]
[BlackElo "2219"]
[PlyCount "40"]
[EventDate "2022.09.01"]
[EventRounds "9"]
[EventCountry "BRA"]

1. d4 f5 2. Nc3 d5 3. g3 e6 4. Bg2 Nf6 5. Bg5 Bb4 6. Qd2 O-O 7. O-O-O Nbd7 8.
f3 Nb6 9. Qd3 h6 10. Bxf6 Rxf6 11. Nh3 Nc4 12. e4 c6 13. Rhe1 Qa5 14. a4 b5 15.
exd5 cxd5 16. Re3 Nxe3 17. Qxe3 Bxc3 18. Qxc3 Qxc3 19. bxc3 bxa4 20. Kb2 a3+
0-1

[Event "Aberto Brasil - II Niterói Chess Open "]
[Site "Salão de Convenções do Hot"]
[Date "2022.09.05"]
[Round "7.23"]
[White "Tamarozi, Isabelle"]
[Black "Sega, Carlos Alberto"]
[Result "0-1"]
[WhiteElo "1965"]
[BlackElo "2184"]
[PlyCount "124"]
[EventDate "2022.09.01"]
[EventRounds "9"]
[EventCountry "BRA"]

1. e4 e5 2. Nf3 Nc6 3. Bb5 a6 4. Ba4 Nf6 5. O-O Be7 6. d3 b5 7. Bb3 d6 8. a4
Bd7 9. Nc3 Na5 10. Ba2 O-O 11. b4 Nc6 12. Nd5 Nxd5 13. Bxd5 Rb8 14. axb5 axb5
15. c3 Bf6 16. Be3 Ne7 17. Ba7 Nxd5 18. Bxb8 Qxb8 19. exd5 Qb7 20. Qb3 c6 21.
Qa3 cxd5 22. Qa7 Qc8 23. Ra6 Bf5 24. Rxd6 Bxd3 25. Qc5 Bxf1 26. Kxf1 Be7 27.
Qxc8 Rxc8 28. Rxd5 f6 29. Rxb5 Rxc3 30. Rb7 Kf7 31. b5 Ke6 32. b6 Rb3 33. Nd2
Rb4 34. Ke2 e4 35. Kd1 f5 36. Kc2 Bf6 37. Nb3 Rb5 38. Rb8 Kd7 39. Rh8 h6 40. b7
Kc7 41. Na5 Bd8 42. Nc6 Rc5+ 43. Kb3 Rxc6 44. b8=Q+ Kxb8 45. Rxd8+ Kc7 46. Rf8
g6 47. Rf7+ Kd6 48. Rh7 h5 49. g3 Ke5 50. h4 Kf6 51. Rh8 e3 52. fxe3 Re6 53.
Kc4 Rxe3 54. Kd5 Rd3+ 55. Kc6 Rxg3 56. Rd8 Rc3+ 57. Kb5 Re3 58. Kc5 Re4 59.
Rd6+ Kg7 60. Rd7+ Kh6 61. Kd5 Rxh4 62. Ke5 Kg5 0-1

[Event "Aberto Brasil - II Niterói Chess Open "]
[Site "Salão de Convenções do Hot"]
[Date "2022.09.05"]
[Round "7.24"]
[White "Silva, Caio Henrique Angel"]
[Black "Freitas, Andre Henrique Lemo"]
[Result "1-0"]
[WhiteElo "1959"]
[BlackElo "2184"]
[PlyCount "97"]
[EventDate "2022.09.01"]
[EventRounds "9"]
[EventCountry "BRA"]

1. Nf3 Nf6 2. g3 g6 3. Bg2 Bg7 4. O-O O-O 5. d4 d5 6. c4 c6 7. b3 Bf5 8. Bb2
Nbd7 9. Nc3 Ne4 10. Rc1 Nxc3 11. Bxc3 Be4 12. e3 Nf6 13. Qe2 h6 14. Rfd1 Qd6
15. Nd2 Bxg2 16. Kxg2 Ne4 17. Nxe4 dxe4 18. d5 Bxc3 19. Rxc3 Rfd8 20. Rcc1 c5
21. f4 exf3+ 22. Qxf3 Qe5 23. Rc2 Rd6 24. Qf4 Qh5 25. g4 Qh4 26. e4 e5 27. Qg3
Qe7 28. Qe3 Qg5 29. Qxg5 hxg5 30. Rb2 Rc8 31. Rc1 Kf8 32. b4 b6 33. b5 Ke7 34.
Rf2 Rf6 35. Rxf6 Kxf6 36. Rc3 Rd8 37. Ra3 Rd7 38. Ra6 Ke7 39. a4 Rb7 40. a5 Kf6
41. Kg3 Ke7 42. axb6 axb6 43. Ra8 Kd7 44. h4 Ke7 45. h5 gxh5 46. gxh5 f5 47.
exf5 Kf6 48. Kg4 Re7 49. Rf8+ 1-0

[Event "Aberto Brasil - II Niterói Chess Open "]
[Site "Salão de Convenções do Hot"]
[Date "2022.09.05"]
[Round "7.25"]
[White "Federzoni, Enzo"]
[Black "De Albuquerque, Pedro Henrique Corr"]
[Result "0-1"]
[WhiteElo "2158"]
[BlackElo "1835"]
[PlyCount "104"]
[EventDate "2022.09.01"]
[EventRounds "9"]
[EventCountry "BRA"]

1. e4 c5 2. Nf3 Nc6 3. d4 cxd4 4. Nxd4 g6 5. c4 Bg7 6. Be3 Nf6 7. Nc3 d6 8. Be2
Bd7 9. O-O O-O 10. h3 Nxd4 11. Bxd4 Bc6 12. Qc2 a5 13. Rad1 Qc7 14. Nd5 Bxd5
15. exd5 Nd7 16. Bxg7 Kxg7 17. h4 h5 18. Rd3 Nc5 19. Rg3 Rh8 20. Re1 e6 21.
dxe6 Nxe6 22. Qc3+ Kh7 23. Qf6 Ng7 24. Bd3 Rhe8 25. Rge3 Rxe3 26. Rxe3 Re8 27.
Rxe8 Nxe8 28. Qf3 Kg7 29. b3 Nf6 30. Be4 b6 31. Bd5 Qc5 32. g3 Qd4 33. Kg2 Qb2
34. a4 Qd4 35. Kf1 Qa1+ 36. Kg2 Qd4 37. Kg1 Qa1+ 38. Kh2 Qf1 39. Qg2 Ng4+ 40.
Kh3 Nxf2+ 41. Kh2 Ng4+ 42. Kh3 Qxg2+ 43. Kxg2 Ne3+ 44. Kf3 Nxd5 45. cxd5 f5 46.
Ke3 Kf6 47. Kf4 g5+ 48. hxg5+ Kg6 49. Ke3 Kxg5 50. Kf3 f4 51. gxf4+ Kf5 52. Kg3
h4+ 0-1

[Event "Aberto Brasil - II Niterói Chess Open "]
[Site "Salão de Convenções do Hot"]
[Date "2022.09.05"]
[Round "7.26"]
[White "Castro Silva, Alex"]
[Black "Lage, Pedro Ferreira"]
[Result "0-1"]
[WhiteElo "1928"]
[BlackElo "2120"]
[PlyCount "42"]
[EventDate "2022.09.01"]
[EventRounds "9"]
[EventCountry "BRA"]

1. e4 c5 2. Nf3 e6 3. d4 cxd4 4. Nxd4 Nf6 5. Nc3 Nc6 6. Be3 Bb4 7. Bd3 d5 8.
Nxc6 bxc6 9. e5 Nd7 10. f4 O-O 11. O-O Qa5 12. Rf3 g6 13. Rg3 Ba6 14. h4 Bxd3
15. cxd3 Rfb8 16. h5 Nf8 17. hxg6 fxg6 18. Qh5 Bxc3 19. bxc3 Qxc3 20. Rf1 Qxd3
21. Bf2 Qxg3 0-1

[Event "Aberto Brasil - II Niterói Chess Open "]
[Site "Salão de Convenções do Hot"]
[Date "2022.09.05"]
[Round "7.27"]
[White "Segato, Pedro Henrique Pedr"]
[Black "Lima, Kleyton Alcantara"]
[Result "1/2-1/2"]
[WhiteElo "1947"]
[BlackElo "2107"]
[PlyCount "56"]
[EventDate "2022.09.01"]
[EventRounds "9"]
[EventCountry "BRA"]

1. d4 Nf6 2. Nf3 e6 3. c4 Bb4+ 4. Nbd2 O-O 5. a3 Be7 6. e4 c5 7. d5 exd5 8.
exd5 Re8 9. Be2 b5 10. b3 d6 11. O-O bxc4 12. bxc4 Bf8 13. Bd3 g6 14. Qc2 Bg7
15. Bb2 Nbd7 16. Rfe1 Nb6 17. Rxe8+ Qxe8 18. Re1 Qd8 19. Ne4 Nxe4 20. Bxg7 Kxg7
21. Rxe4 Qf6 22. Re1 Ba6 23. a4 Rb8 24. a5 Nd7 25. Qa4 Ne5 26. Nxe5 dxe5 27.
Qa3 Qd6 28. Qc3 f6 1/2-1/2